The Book of Ichigo Ichie: the art of making the most of every moment, the Japanese way/ (Record no. 177680)

MARC details
000 -LEADER
fixed length control field 00728nam a22002057a 4500
005 - DATE AND TIME OF LATEST TRANSACTION
control field 20210225125950.0
010 ## - LCCN (DPL NO)
LC control number ENG-129059
020 ## - INTERNATIONAL STANDARD BOOK NUMBER
Terms of availability 499.00
International Standard Book Number 978-1-52940-129-5
035 ## - SYSTEM CONTROL NUMBER
System control number EN-112591
037 ## - SOURCE OF ACQUISITION
Source of stock number/acquisition DBAD/PUB
082 ## - DEWEY DECIMAL CLASSIFICATION NUMBER
Classification number 158.1
100 ## - MAIN ENTRY--PERSONAL NAME
Personal name Garcia, Hector
245 ## - TITLE STATEMENT
Title The Book of Ichigo Ichie: the art of making the most of every moment, the Japanese way/
Statement of responsibility, etc Hector Garcia and Francesc Miralles
260 ## - PUBLICATION, DISTRIBUTION, ETC. (IMPRINT)
Place of publication, distribution, etc Gurugram
Name of publisher, distributor, etc Hachette Book Publishing India Pvt. Ltd.
Date of publication, distribution, etc 2019
270 ## - ADDRESS
City Gurugram
Address 4th/5th Floors, Corporate Centre, Plot No- 94, Sec- 44
Postal code 122003
300 ## - PHYSICAL DESCRIPTION
Extent 196p.
Dimensions 20cm(hbk)
700 ## - ADDED ENTRY--PERSONAL NAME
Personal name Miralles, Francesc
700 ## - ADDED ENTRY--PERSONAL NAME
Personal name Whittle, Charlotte, Tr.
942 ## - ADDED ENTRY ELEMENTS (KOHA)
Source of classification or shelving scheme Dewey Decimal Classification
Item type English Books
Classification part 158.1
Call number suffix GAR
Holdings
Withdrawn status Lost status Not for loan Collection code Home library Current library Date acquired Source of acquisition Cost, normal purchase price Full call number Barcode Copy number Cost, replacement price Koha item type
      Non-fiction Ashok Vihar Ashok Vihar 25/02/2021 DBAD/PUB 499.00 158.1 GAR EN-112591 1 499.00 English Books

© Delhi Public Library
Hit Counter
free hit counter